Nonlinear functional analysis

Bewaard in:
Bibliografische gegevens
Hoofdauteur: Deimling, Klaus (Auteur)
Formaat: Boek
Taal:Engels
Gepubliceerd in: Berlín Springer-Verlag 1985
Onderwerpen:
Tags: Voeg label toe
Geen labels, Wees de eerste die dit record labelt!

MARC

LEADER 00000nam a2200000 a 4500
001 UCW0748
003 CL-VaPUC
008 890427e19850000GW |||||||||||||||||eng|d
082 0 4 |a 515.7  |b DEI  |2 21 
100 0 |a Deimling, Klaus  |e author  |9 304667 
245 1 0 |a Nonlinear functional analysis 
300 |a 450 p 
942 |c BK 
945 |d 19890427 00:00:00 
260 |a Berlín  |b Springer-Verlag  |c 1985 
650 0 |a Análisis funcional no lineal  |9 270038 
583 |a last modification  |c 19890427 00:00:00  |k Rodrigo Vera 
999 |c 215807  |d 215805 
952 |0 0  |1 0  |4 0  |6 515_700000000000000_DEI_1985  |7 0  |8 A  |9 200874  |a BIBMAT  |b BIBMAT  |d 2019-11-14  |i 267999K  |o 515.7 DEI 1985  |p 267999K  |r 2025-01-07  |w 2019-11-14  |y BK  |k MAT